The invisible Harry Gold (Record no. 188216)
[ view plain ]
| 000 -LEADER | |
|---|---|
| fixed length control field | 02429nam a2200445 a 4500 |
| 082 04 - DEWEY DECIMAL CLASSIFICATION NUMBER | |
| Classification number | 327.1/2092 |
| -- | B |
| 100 1# - MAIN ENTRY--AUTHOR NAME | |
| Personal name | Hornblum, Allen M. |
| 245 14 - TITLE STATEMENT | |
| Title | The invisible Harry Gold |
| 260 ## - PUBLICATION, DISTRIBUTION, ETC. (IMPRINT) | |
| Place of publication | New Haven : |
| Name of publisher | Yale University Press, |
| Year of publication | c2010. |
| 300 ## - PHYSICAL DESCRIPTION | |
| Number of Pages | xiv, 446 p. |
| 505 0# - FORMATTED CONTENTS NOTE | |
| Formatted contents note | pt. 1. The spy -- South Philadelphia -- A debt repaid -- The novice spy -- The evolution of a secret agent -- Semenov, Slack, and Brothman -- Dr. Klaus Fuchs -- The Los Alamos papers -- The postwar years -- The hunt for Raymond -- The fatal words -- pt. 2. The prisoner -- Conversion -- To make amends -- Prisoner 19312-NE -- State of mind -- The campaign for parole -- Return -- Epilogue. |
| 520 ## - SUMMARY, ETC. | |
| Summary, etc | A gripping account of the man who gave the USSR the plans for the atom bomb. The subject of the most intensive public manhunt in the history of the FBI, Gold was arrested in May 1950. His confession revealed scores of contacts, and his testimony in the trial of the Rosenbergs proved pivotal. |
| 650 #0 - SUBJECT ADDED ENTRY--TOPICAL TERM | |
| Topical Term | Spies |
| Topical Term | Chemists |
| Topical Term | Prisoners |
| Topical Term | Espionage, Soviet |
| Topical Term | Atomic bomb |
| 856 40 - ELECTRONIC LOCATION AND ACCESS | |
| Uniform Resource Identifier | http://site.ebrary.com/lib/rucke/Doc?id=10579390 |
No items available.
